| 000 | 00867pam a2200289 a 4500 | ||
|---|---|---|---|
| 999 |
_c5980 _d5980 |
||
| 001 | 1914662 | ||
| 003 | OSt | ||
| 005 | 20190111133832.0 | ||
| 008 | 850703m19009999ilu b 000 0 eng | ||
| 010 | _a 85015569 | ||
| 020 | _a0802420796 (pbk. : v. 2) | ||
| 040 |
_aDLC _cDLC _dDLC |
||
| 050 | 0 | 0 |
_aBS2665.3 _b.J63 1985 |
| 082 | 0 | 0 |
_a227.1 _219 _bJ66R |
| 100 | 1 |
_aJohnson, Alan F., _d1933- |
|
| 240 | 1 | 0 | _aFreedom letter |
| 245 | 1 | 0 |
_aRomans / _cby Alan F. Johnson. |
| 250 | _aRev. ed. | ||
| 260 |
_aChicago : _bMoody Bible Institute of Chicago, _c<c1985 > |
||
| 300 |
_a141 p. ; _c20 cm. |
||
| 440 | 0 | _aEveryman's Bible commentary | |
| 500 | _aEarlier ed. published under title: The freedom letter. | ||
| 504 | _aBibliography: p. 141 | ||
| 630 | 0 | 0 |
_aBible. _pRomans _xCommentaries. |
| 906 |
_a7 _bcbc _corignew _d1 _eocip _f19 _gy-gencatlg |
||
| 942 |
_2ddc _cBK |
||